| 000 | 00467nam a22001937a 4500 | ||
|---|---|---|---|
| 003 | koha_MIRAKIL | ||
| 005 | 20231213095953.0 | ||
| 008 | 231213b |||||||| |||| 00| 0 ||| d | ||
| 020 | _b978-6-05-440606-7 | ||
| 040 |
_aTR-IsEVY _btur _cTR-IsEVY |
||
| 082 | _a891.7342 GOR/S | ||
| 100 | _aGorki, Maksim. | ||
| 245 | 0 | _aSoytarı | |
| 260 | _bKenta Yayınları, | ||
| 300 | _a160 s. | ||
| 650 | _aRus romanı. | ||
| 650 | _aRussian fiction. | ||
| 942 |
_2ddc _cBK |
||
| 999 |
_c12413 _d12413 |
||